Essentials of Corporate Finance (Record no. 5190)

MARC details
005 - DATE AND TIME OF LATEST TRANSACTION
control field 20250626074123.0
020 ## - INTERNATIONAL STANDARD BOOK NUMBER
International Standard Book Number 9780072340525
082 ## - DEWEY DECIMAL CLASSIFICATION NUMBER
Classification number 658.15 ROS
100 ## - MAIN ENTRY--PERSONAL NAME
Author name ROSS, A.S.
245 ## - TITLE STATEMENT
Title Essentials of Corporate Finance
250 ## - EDITION STATEMENT
Edition statement 3rd Ed.
260 ## - PUBLICATION, DISTRIBUTION, ETC.
Place of publication, distribution, etc. New york
Name of publisher, distributor, etc. Mc Graw Hill,
Date of publication, distribution, etc. 2001
300 ## - PHYSICAL DESCRIPTION
Extent xxx,574p.:ill.
Other physical details Appendix
Dimensions 25cm.
700 ## - ADDED ENTRY--PERSONAL NAME
Other authors/Editors WESTERFIELD, W. & JORDAN, B.D.
942 ## - ADDED ENTRY ELEMENTS (KOHA)
Source of classification or shelving scheme Dewey Decimal Classification
Koha item type Books
Holdings
Date last seen Total checkouts Full call number Barcode Cost, replacement price Price effective from Koha item type Lost status Source of classification or shelving scheme Damaged status Not for loan Withdrawn status Home library Current library Shelving location Date acquired Cost, normal purchase price
06/26/2025   658.15 ROS DOM000636 150000.00 06/26/2025 Books   Dewey Decimal Classification       CBE Dodoma CBE Dodoma General Collection 03/24/2014 50000.00
06/26/2025   658.15 ROS DOM000634 150000.00 06/26/2025 Books   Dewey Decimal Classification       CBE Dodoma CBE Dodoma General Collection 03/24/2014 50000.00
06/26/2025   658.15 ROS DOM000637 150000.00 06/26/2025 Books   Dewey Decimal Classification       CBE Dodoma CBE Dodoma General Collection 03/24/2014 50000.00
06/26/2025   658.15 ROS DOM000633 150000.00 06/26/2025 Books   Dewey Decimal Classification       CBE Dodoma CBE Dodoma General Collection 03/24/2014 50000.00
06/26/2025   658.15 ROS DOM000635 150000.00 06/26/2025 Books   Dewey Decimal Classification       CBE Dodoma CBE Dodoma General Collection 03/24/2014 50000.00
06/26/2025   658.15 ROS DOM000631 150000.00 06/26/2025 Books   Dewey Decimal Classification       CBE Dodoma CBE Dodoma General Collection 03/24/2014 50000.00
06/26/2025   658.15 ROS DOM000632 150000.00 06/26/2025 Books   Dewey Decimal Classification       CBE Dodoma CBE Dodoma General Collection 03/24/2014 50000.00
06/26/2025   658.15 ROS DOM000602 150000.00 06/26/2025 Books   Dewey Decimal Classification       CBE Dodoma CBE Dodoma General Collection 03/24/2014 50000.00